Central Library OPAC University of Rajshahi

Practical clinical enzymology: techniques and interpretations / (Record no. 12539)

MARC details
000 -LEADER
fixed length control field 01275pam a2200337 4500
001 - CONTROL NUMBER
control field 12539
003 - CONTROL NUMBER IDENTIFIER
rucl marc code BD-RjUL
005 - DATE AND TIME OF LATEST TRANSACTION
control field 20211208235319.0
008 - FIXED-LENGTH DATA ELEMENTS--GENERAL INFORMATION
fixed length control field 140129s1973 nyua b 001 0 eng
020 ## - INTERNATIONAL STANDARD BOOK NUMBER
International Standard Book Number 0471959057
035 ## - SYSTEM CONTROL NUMBER
System control number (BD-RjUL)12588
040 ## - CATALOGING SOURCE
Original cataloging agency DLC
Transcribing agency DLC
Modifying agency DLC
-- BD-RjUL
Language of cataloging eng
041 ## - LANGUAGE CODE
Language code of text/sound track or separate title eng
060 ## - NATIONAL LIBRARY OF MEDICINE CALL NUMBER
Classification number QY490 W855p 1973
082 00 - DEWEY DECIMAL CLASSIFICATION NUMBER
Classification number 616.0756
Author mark and year WOP 1973
100 1# - MAIN ENTRY--PERSONAL NAME
Personal name Wolf, Paul L.
9 (RLIN) 39051
245 10 - TITLE STATEMENT
Title Practical clinical enzymology: techniques and interpretations /
Statement of responsibility, etc. Paul L. Wolf [and] Dorothy Williams, and Biochemical profiling [by] Elisabeth Von der Muehll [and] Paul L. Wolf.
260 ## - PUBLICATION, DISTRIBUTION, ETC. (IMPRINT)
Place of publication, distribution, etc. New York :
Name of publisher, distributor, etc. Wiley ,
Date of publication, distribution, etc. c1973
300 ## - PHYSICAL DESCRIPTION
Pagination 580 p. :
Illustrations illus. ;
Size 23 cm.
500 ## - GENERAL NOTE
General note "A Wiley-Interscience publication."
General note "Multiphasic testing [by] Elisabeth Von der Muehll and Paul L. Wolf": p. 396-567.
504 ## - BIBLIOGRAPHY, ETC. NOTE
Bibliography, etc Includes bibliographies and index.
650 #0 - SUBJECT ADDED ENTRY--TOPICAL TERM
Topical term or geographic name as entry element Clinical enzymology.
9 (RLIN) 39053
Topical term or geographic name as entry element Enzyme tests.
9 (RLIN) 39054
700 1# - ADDED ENTRY--PERSONAL NAME
Personal name Williams, Dorothy,
Dates associated with a name 1931-
Relator term joint author.
Personal name Von der Muehll, Elisabeth.
942 ## - ADDED ENTRY ELEMENTS (KOHA)
Source of classification or shelving scheme Dewey Decimal Classification
Koha item type Books
Holdings
Lost status Source of classification or shelving scheme Damaged status Not for loan Collection code Permanent Location Current Location Shelving location Date acquired Source of acquisition Cost, normal purchase price Total Checkouts Full call number Date last seen Copy number Koha item type
  Dewey Decimal Classification   Not For Loan Non-fiction Central Library, University of Rajshahi Central Library, University of Rajshahi Reading Room 16/10/1979 Helfers 13.30   616.0756 WOP 1973 29/01/2014 C-1 Books